000 00734cam a2200241 4500
001 6082
010 _a9727504752
021 _b131299/99
090 _a6082
100 _a20211231g19999999c||y0pory5003 ba
200 1 _aOs meus contos com Winnie - O bairro de Winnie The Pooh
_fDisney
_gtrad. Teresa Augusto
210 9 _aRio de Mouro
_cEverest,
_dimp. 1999-
215 _av.
_cmuito il.
_d22x22 cm
606 _914
_aLiteratura infantil
606 _913
_aLiteratura Estrangeira
675 _a82-93
_vBN
_zpor
675 _a821.1/.8
_vBN
_zpor
702 _aAugusto
_bTeresa
_94430
702 _aDisney
_bWalt
_f1901-1966
_94625
710 _aWalt Disney Productions
_95505
801 _aPT
_bBMVN
_gRPC
830 _cAna Caetano
_d31/12/2021
990 _cLIVROS